Impresiones de un fotógrafo /

Bibliographic Details
Main Author: Català Roca, Francesc (Author)
Other Authors: Guzmán, África (Translator)
Format: Electronic eBook
Language:Spanish
Catalan
Published: Barcelona, Spain : RM Verlag, S.L., [2025]
Subjects:
Online Access:Digitalia Hispánica

MARC

LEADER 00000nam a2200000Ii 4500
001 DIGREVMGM0102
003 NyNyDIG
006 m o d
007 cr |||||||||||
008 250909s2025 sp ob 001 0aspa d
035 |a (OCoLC)1522529017 
040 |a DGITA  |b eng  |e rda  |e pn  |c DGITA 
020 |a 9788410290334  |q pdf 
020 |a 9788410290297  |q ePub 
020 |z 9788410290129 
041 1 |a spa  |h cat 
043 |a e-sp--- 
050 1 4 |a TR140.C328 ebook 
100 1 |a Català Roca, Francesc,  |e author. 
240 1 0 |a Impressions d'un fotògraf.  |l Spanish  |s (Guzmán) 
245 1 0 |a Impresiones de un fotógrafo /  |c Francesc Català-Roca ; traducción del catalán, Àfrica Guzmán. 
264 1 |a Barcelona, Spain :  |b RM Verlag, S.L.,  |c [2025] 
300 |a 1 online resource :  |b illustrations. 
336 |a text  |b txt  |2 rdacontent 
337 |a computer  |b c  |2 rdamedia 
338 |a online resource  |b cr  |2 rdacarrier 
347 |a text file  |2 rdaft 
347 |b PDF 
347 |b EPUB 
504 |a Includes bibliographical references and index. 
588 0 |a Online resource; title from PDF title page (Digitalia, viewed September 9, 2025) 
600 1 0 |a Català Roca, Francesc. 
650 0 |a Photographers  |z Spain  |z Catalonia  |v Biography. 
700 1 |a Guzmán, África,  |e translator. 
700 1 |i Translation of:  |a Català Roca, Francesc.  |t Impressions d'un fotògraf. 
791 2 |a Digitalia (Firm),  |e distributor. 
793 0 |g Digitalia eBook Collection:  |a Reverté Management 
776 0 8 |i Print version:  |a Català Roca, Francesc.  |s Impressions d'un fotògraf. Spanish (Guzmán).  |t Impresiones de un fotógrafo.  |d Spain : RM Verlag, S.L., [2025]  |z 9788410290129 
856 4 0 |3 Digitalia Hispánica  |u https://www.digitaliapublishing.com/a/175995/ 
910 |a Premium collection: 2025